Steel sheet piling design manual / (Record no. 546582)

000 -LEADER
fixed length control field 00363nam a22001337a 4500
082 ## - DEWEY DECIMAL CLASSIFICATION NUMBER
Classification number 624.154
Author Mark UNI
-- D
110 ## - MAIN ENTRY--CORPORATE NAME
Corporate name or jurisdiction name as entry element USS
9 (RLIN) 42735
245 ## - TITLE STATEMENT
Title Steel sheet piling design manual /
Statement of responsibility, etc. United State Steel.
260 ## - PUBLICATION, DISTRIBUTION, ETC.
Place of publication, distribution, etc. US :
Name of publisher, distributor, etc. United State Steel,
Date of publication, distribution, etc. 1982.
300 ## - PHYSICAL DESCRIPTION
Extent Misc Pages
526 ## - STUDY PROGRAM INFORMATION NOTE
Program name 0
Interest level 0
Reading level 0
Title point value 624_154000000000000_UNI
650 ## - SUBJECT ADDED ENTRY--TOPICAL TERM
Topical term or geographic name entry element MCE
9 (RLIN) 379
942 ## - ADDED ENTRY ELEMENTS (KOHA)
Source of classification or shelving scheme
Koha item type Book
Holdings
Withdrawn status Lost status Source of classification or shelving scheme Damaged status Not for loan Permanent Location Current Location Date acquired Total Checkouts Full call number Barcode Date last seen Price effective from Koha item type
          Military College of Engineering (MCE) Military College of Engineering (MCE) 06/13/2014   624.154 UNI MCE-41520 06/13/2014 06/13/2014 Book
© 2023 Central Library, National University of Sciences and Technology. All Rights Reserved.